000 01212namaa22003251i 4500
003 EG-GICUC
005 20260311120318.0
008 260311s1998 ua ||||jr|||| 000 0 ara d
017 _a98 / 11329
_bدار الكتب والوثائق القومية (مصر)
020 _a9771967916
040 _aEG-GiCUC
_bara
_cEG-GiCUC
_dEG-GiCUC
_erda
043 _af----ua
082 0 4 _221
_a811.00961
_bK154
092 0 4 _221
_a811.00961
_bK154
099 _a811.00961 K154
100 1 _aكامل، عصام خلف
_eمؤلف.
245 _aالصوت والصوت الاخر فى الشعر الاموى /
_cالدكتور عصام خلف كامل
250 _aالطبعة الاولى
264 _a[غير محدد] :
_b[غير محدد]،
_c1998.
300 _a123 صفحة ؛
_c24 سم
336 _2rdacontent
_atext
337 _2rdamedia
_aUnmediated
338 _2rdacarrier
_avolume
504 _aيشتمل على ارجاعات ببليوجرافية.
541 _aد. جابر عصفور ؛
_bالقاهرة ؛
_cإهداء ؛
_d2024.
650 1 7 _aالشعر العربى
_xتاريخ ونقد
_yالعصر الاموى
_2qrmak
651 1 _2qrmak
905 _aNermeen
942 _2ddc
_cBK
_e21
_n0
999 _c178981
_d178981